News Logos Quiz Stats

 Plays Quiz Updated May 16, 2020

Support Sporcle.
Go Orange.
Score 0/16 Timer 03:00
1 Play Today
Answer % Correct
NBC News
93.8%
Wall Street Journal
86.2%
The New York Times
86%
CBS News
85.6%
The Onion
80%
Washington Post
78.3%
Fox News
77.8%
Associated Press
75.3%
Answer % Correct
Al Jazeera
57.5%
Daily Mail
49.7%
Reuters
48.9%
The Guardian
40.6%
USA Today
36.1%
Telemundo
34.2%
The Independent
21.8%
CBC News
21.4%

You're not logged in!

Compare scores with friends on all Sporcle quizzes.
OR
Log In

From the Vault

Colors of Catholic Liturgical Year

by folio1701

We apologize in advance to any color blind Catholics out there.
Remove Ads.
Support Sporcle.
Get the best of Sporcle when you Go Orange. This ad-free experience offers more features, more stats, and more fun while also helping to support Sporcle. Thank you for becoming a member.

Show Comments

Extras

Top Quizzes Today


Score Distribution

Your Account Isn't Verified!

In order to create a playlist on Sporcle, you need to verify the email address you used during registration. Go to your Sporcle Settings to finish the process.

Report this User

Report this user for behavior that violates our Community Guidelines.

Details: